书目信息 |
| 题名: |
给水排水塑料管道设计施工手册
|
|
| 作者: | 许其昌 编 | |
| 分册: | ||
| 出版信息: | 北京 中国建筑工业出版社 2002.08 |
|
| 页数: | 351页 | |
| 开本: | 20cm | |
| 丛书名: | ||
| 单 册: | ||
| 中图分类: | TU , TU99-62 | |
| 科图分类: | ||
| 主题词: | 市政工程 | |
| 电子资源: | ||
| ISBN: | 7-112-05133-9 | |
| 000 | 00608nam0 2200205 45 | |
| 001 | 0259949843 | |
| 005 | 2002102116390984 | |
| 010 | @a7-112-05133-9@dRMB 20.00 | |
| 100 | @a20021021d2002 km y0chiy0120 ea | |
| 101 | 0 | @achi |
| 102 | @aCN@b110000 | |
| 200 | 1 | @a给水排水塑料管道设计施工手册@Agei shui pai shui su liao guan dao she ji shi gong shou ce@f许其昌编@Fxu qi chang bian |
| 210 | @a北京@c中国建筑工业出版社@d2002.08 | |
| 215 | @a351页@d20cm | |
| 606 | 0 | @a市政工程 |
| 690 | @aTU@v3 | |
| 690 | @aTU99-62@v4 | |
| 701 | 0 | @a许其昌@Axu qi chang@4编 |
| 801 | 0 | @aCN@bPFT@c20021021 |
| 905 | @dTU99-62@eX880 | |
| 给水排水塑料管道设计施工手册/许其昌编.-北京:中国建筑工业出版社,2002.08 |
| 351页;20cm |
| ISBN 7-112-05133-9:RMB 20.00 |
| ● |
| 相关链接 |
|
|
|
正题名:给水排水塑料管道设计施工手册
索取号:TU99-62/X880
 
预约/预借
| 序号 | 登录号 | 条形码 | 馆藏地/架位号 | 状态 | 备注 |
| 1 | 369708 | 203697080 | 建筑库201/201建筑库 124排2列2层/ [索取号:TU99-62/X880] | 在馆 | |
| 2 | 369709 | 203697099 | 建筑库201/201建筑库 124排2列2层/ [索取号:TU99-62/X880] | 在馆 | |
| 3 | 369710 | 203697106 | 建筑库201/201建筑库 124排2列2层/ [索取号:TU99-62/X880] | 在馆 |